000 01106nam a22003377a 4500
003 CHAP
005 20220329135027.0
008 971013s1976 r 00010 d
010 _a29774
011 _a30746
035 _a34858
040 _cCHAP
082 _a636.085
_bL$
100 0 0 _aL'Hermite, P.
_964182
245 _aCooper in animal wastes and sewage sludge
_b: proceedings of the EEC Workshop organised...
260 _aLondon :
_bReidel,
_c1976
300 _a378 p.
_b: gráfs.
590 _aBATCH-UPD
_b10
_c20130109
_lUCH01
_h2335
590 _aBATCH-UPD
_b10
_c20130110
_lUCH01
_h1708
590 _aBATCH-UPD
_b10
_c20130409
_lUCH01
_h1903
590 _aBATCH-UPD
_b10
_c20130410
_lUCH01
_h1054
590 _aBATCH-UPD
_b10
_c20130914
_lUCH01
_h0954
590 _aCONVERSION
_b10
_c20130109
_lUCH01
_h1317
650 1 4 _aCobre en nutrición animal.
_924191
650 1 4 _aCobre en nutrición vegetal.
_924192
650 1 4 _aSuelos
_xCobalto en.
_9110273
700 0 _aDehandtschutter, J.
_931517
901 _aBK
942 _cLIBRO
949 _a636.085 L
_$bBC
_cLIBRO
_d-80553
_eLIBRO
_h50555
_i34858
_si
999 _c29774
_d29774